000 00465nam a2200229Ia 4500
003 IT-RoPAU
008 120407s9999 xx 000 0 und d
040 _aIT-RoPAU
040 _cIT-RoPAU
041 _aita
100 _aGabirele Roschini
100 _cosm
245 _aIstruzioni Mariane 3a.ed.
250 _aRoma
260 _aEdizioni Paoline
260 _c1945
300 _c cm
490 _aMD
490 _v1
942 _cBK
999 _c13707
_d13707